| 000 | 00780nam a2200229 u 4500 | ||
|---|---|---|---|
| 005 | 20240910063927.0 | ||
| 008 | 100202s2004 es r 000 0 spa d | ||
| 020 | _a9788420471730 | ||
| 035 | _aUPN01000174412 | ||
| 049 | _aI | ||
| 050 | 4 |
_aPZ78 _bS9.6 |
|
| 100 | 1 |
_aSommer-Bodenburg, Angela, _d1948- _930987 |
|
| 245 | 1 | 3 |
_aEl pequeño vampiro : _by la noche del terror / _cAngela Summer-Bodenburg ; il. Amelie Glienke ; tr. Amalia Bermejo. |
| 260 |
_aMadrid : _bAlfaguara, _b2007. |
||
| 300 |
_a150 p. : _bil. |
||
| 440 | 0 |
_aInfantil ; _v14 |
|
| 534 |
_pTítulo original: _tDer kleine vampir und die gruselnacht |
||
| 650 | 4 |
_aCuentos infantiles alemanes _98589 |
|
| 650 | 4 |
_aVAMPIROS - _vLITERATURA INFANTIL _915397 |
|
| 650 | 4 |
_aCuentos de terror _92404 |
|
| 905 | _aInfantil | ||
| 999 |
_c146516 _d146516 |
||